Manual litúrgico o sea exposición de las sagradas ceremonias y ritos que deben observarse en la celebración del santo sacrificio de la misa y demás funciones litúrgicas relacionadas con el ministerio del altar, por el presbítero
Uloženo v:
| Hlavní autor: | |
|---|---|
| Médium: | Kniha |
| Jazyk: | španělština |
| Vydáno: |
Barcelona
Eugenio Subirana, Editor Pontificio
1927
|
| Vydání: | 12a. ed |
| Témata: | |
| Tagy: |
Přidat tag
Žádné tagy, Buďte první, kdo vytvoří štítek k tomuto záznamu!
|
MARC
| LEADER | 00000cam a2200000 a 4500 | ||
|---|---|---|---|
| 001 | UCD0626 | ||
| 003 | CL-VaPUC | ||
| 008 | 151204e19270000sp |||||||||||||||||spa|d | ||
| 082 | 0 | 4 | |a 264 |b SOL |2 21 |
| 100 | 0 | |a Soláns, Joaquín |e author |9 583588 | |
| 245 | 1 | 0 | |a Manual litúrgico o sea exposición de las sagradas ceremonias y ritos que deben observarse en la celebración del santo sacrificio de la misa y demás funciones litúrgicas relacionadas con el ministerio del altar, por el presbítero |
| 250 | |a 12a. ed | ||
| 300 | |a t | ||
| 942 | |c BK | ||
| 945 | |d 20151204 12:43:00 |a gsalatino | ||
| 260 | |a Barcelona |b Eugenio Subirana, Editor Pontificio |c 1927 | ||
| 650 | 0 | |a Liturgia católica |9 516111 | |
| 650 | 0 | |a Ceremonias |9 337653 | |
| 650 | 0 | |a Rituales |9 349198 | |
| 583 | |a last modification |c 20180123 06:42:58 |k Rodrigo Vera | ||
| 999 | |c 362089 |d 362087 | ||
| 952 | |0 0 |1 0 |2 ddc |3 erd |4 0 |6 264_000000000000000_SOL_1927 |7 0 |8 X |9 472954 |a BIBTEO |b BIBTEO |c TEO_FFR |h t.1 |i 5272394 |o 264 SOL 1927 |p 5272394 |r 2024-01-18 |w 2019-11-24 |y BK |z Catalogado en:20151204 |k ICR | ||
| 952 | |0 0 |1 0 |2 ddc |3 erd |4 0 |6 264_000000000000000_SOL_1927 |7 0 |8 X |9 472955 |a BIBTEO |b BIBTEO |c TEO_FFR |h t.2 |i 5272408 |o 264 SOL 1927 |p 5272408 |r 2024-01-18 |w 2019-11-24 |y BK |z Catalogado en:20151204 |k ICR | ||
| 952 | |0 0 |1 0 |2 ddc |3 erd |4 0 |6 264_000000000000000_SOL_1927 |7 0 |8 X |9 472956 |a BIBTEO |b BIBTEO |c TEO_FFR |h t.1 |i 5233348 |o 264 SOL 1927 |p 5233348 |r 2024-01-18 |w 2019-11-24 |y BK |z Catalogado en:20160603 |k OFM | ||